| 000 | 00512nam a2200181Ia 4500 | ||
|---|---|---|---|
| 005 | 20260415160334.0 | ||
| 008 | 008 250505s9999 xx 000 0 eng d | ||
| 037 | _aTextual | ||
| 040 |
_aFEDL _beng _cFEDL |
||
| 041 |
_aeng _2eng |
||
| 084 |
_a540 PRI _qFEDL |
||
| 100 |
_aPrice William E _9755753 |
||
| 245 | 0 | _aChemistry and human affairs | |
| 260 |
_aLondon, UK _bGeorge G Harrap and Co Ltd. _c1947 |
||
| 300 | _a788p. | ||
| 942 |
_cTEXL _h540 PRI |
||
| 999 |
_c1321838 _d1321838 |
||